DC- All Omnis - Statistics

General Stats
  • This quiz has been taken 7 times
  • The average score is 5 of 23
Answer Stats
Answer % Correct
Aztar/Spectre
83%
James Corrigan/Spectre
83%
Presence
50%
Jonathan Osterman/Dr Manhattan
33%
Mr Mxyzptlk
33%
Zeus
33%
Arak/Telos
17%
Death
17%
Great Darkness
17%
Max Faraday
17%
Mordru
17%
Nabu the Wise
17%
Nightwing
17%
Wallace Johnson/Wally the God-Boy
17%
Adjucator
0%
Danny the Street
0%
Destruction/Olethros
0%
Elaine Belloc
0%
Lucifer Morningstar
0%
Maaldor
0%
Michael Demiurgos
0%
Roger Hayden/Psycho Pirate
0%
Sethe
0%
No matching quizzes found
Score Distribution
Percent of People with Each Score
Percentile by Number Answered
Your Score History
You have not taken this quiz